Pragjyotisha- kamarupa: (Record no. 1309374)

MARC details
000 -LEADER
fixed length control field 00856nam a22002537a 4500
005 - DATE AND TIME OF LATEST TRANSACTION
control field 20250425111708.0
008 - FIXED-LENGTH DATA ELEMENTS--GENERAL INFORMATION
fixed length control field 250425b |||||||| |||| 00| 0 eng d
020 ## - INTERNATIONAL STANDARD BOOK NUMBER
International Standard Book Number 978-81-968274-7-2 (hbk)
037 ## - SOURCE OF ACQUISITION
Terms of availability TB
040 ## - CATALOGING SOURCE
Original cataloging agency CRL
Transcribing agency CRL
041 ## - LANGUAGE CODE
Source of code eng
Language code of text/sound track or separate title eng
084 ## - COLON CLASSIFICATION NUMBER
Classification number V277:71 R4
Assigning agency CRL
245 ## - TITLE STATEMENT
Title Pragjyotisha- kamarupa:
Remainder of title An archaeological history
260 ## - PUBLICATION, DISTRIBUTION, ETC.
Place of publication, distribution, etc. New Delhi, India:
Name of publisher, distributor, etc. Research India Press,
Date of publication, distribution, etc. 2024.
300 ## - PHYSICAL DESCRIPTION
Extent xxix, 356p.
365 ## - TRADE PRICE
Price amount 1999.00
Currency code INR
650 ## - SUBJECT ADDED ENTRY--TOPICAL TERM
Source of heading or term Assam History
650 ## - SUBJECT ADDED ENTRY--TOPICAL TERM
Source of heading or term History
650 ## - SUBJECT ADDED ENTRY--TOPICAL TERM
Source of heading or term Archeology
700 ## - ADDED ENTRY--PERSONAL NAME
Personal name Hazarika, Manjil
Relator term Editor
9 (RLIN) 752971
700 ## - ADDED ENTRY--PERSONAL NAME
Personal name Sanathana, Y. S.
Relator term Editor
9 (RLIN) 752972
942 ## - ADDED ENTRY ELEMENTS (KOHA)
Source of classification or shelving scheme Colon Classification (CC)
Koha item type Textbook
Classification part V277:71 R4
Suppress in OPAC No
Holdings
Withdrawn status Lost status Source of classification or shelving scheme Damaged status Not for loan Home library Current library Date acquired Source of acquisition Cost, normal purchase price Inventory number Total Checkouts Full call number Barcode Date last seen Price effective from Koha item type
    Colon Classification (CC)     Central Library Central Library 2025-04-25 Eastern Book Linkers 1999.00 127 & 2025-02-04   V277:71 R4 CL1682903 2025-04-25 2025-04-25 Textbook
Copyright @ Delhi University Library System